Administración de personal
-д хадгалсан:
| Үндсэн зохиолчид: | , |
|---|---|
| Формат: | Ном |
| Хэл сонгох: | испани |
| Хэвлэсэн: |
Ciudad de México
Continental
1965
|
| Хэвлэл: | 1a. ed |
| Нөхцлүүд: | |
| Шошгууд: |
Шошго нэмэх
Шошго байхгүй, Энэхүү баримтыг шошголох эхний хүн болох!
|
MARC
| LEADER | 00000cam a2200000 a 4500 | ||
|---|---|---|---|
| 001 | UCU6453 | ||
| 003 | CL-VaPUC | ||
| 008 | 960621e19650000MX |||||||||||||||||spa|d | ||
| 082 | 0 | 4 | |a 658.3 |b CHR |2 21 |
| 100 | 0 | |a Chruden, Herbert J |e author |9 364638 | |
| 700 | 0 | |a Sherman, Arthur W |e author |9 364639 | |
| 245 | 1 | 0 | |a Administración de personal |
| 250 | |a 1a. ed | ||
| 300 | |a 828 p | ||
| 942 | |c BK | ||
| 945 | |d 19960621 00:00:00 |a cmena | ||
| 260 | |a Ciudad de México |b Continental |c 1965 | ||
| 650 | 0 | |a Recursos humanos |9 228420 | |
| 650 | 7 | |a MANO DE OBRA |2 CL-VaPUC |9 315053 | |
| 650 | 7 | |a PLANIFICACION INDUSTRIAL |2 CL-VaPUC |9 331542 | |
| 650 | 0 | |a Planificación estratégica |9 259735 | |
| 583 | |a last modification |c 20170227 10:24:26 |k Rodrigo Vera | ||
| 999 | |c 249358 |d 249356 | ||
| 952 | |0 0 |1 0 |4 0 |6 658_300000000000000_CHR_1965 |7 0 |8 A |9 266572 |a BIBING |b BIBING |d 2019-11-19 |i 1688502 |o 658.3 CHR 1965 |p 1688502 |r 2025-01-20 |w 2019-11-19 |y BK |k TRA | ||
| 952 | |0 0 |1 0 |4 0 |6 658_300000000000000_CHR_1965 |7 0 |8 A |9 266573 |a BIBENE |b BIBENE |d 2019-11-19 |i 1412868 |o 658.3 CHR 1965 |p 1412868 |r 2025-01-15 |w 2019-11-19 |y BK |k ICO | ||
| 952 | |0 0 |1 0 |3 erd |4 0 |6 658_300000000000000_CHR_1965 |7 0 |8 A |9 266574 |a BIBENE |b BIBENE |i 5328810 |o 658.3 CHR 1965 |p 5328810 |r 2025-01-15 |w 2019-11-19 |y BK |z Catalogado en:20170303 |k ICO | ||